000 00315nam a2200109Ia 4500
008 220216s9999 xx 000 0 und d
100 _aMurray R K S
245 0 _aReport on a visit to Malaya, Java and Sumatra
260 _bJournal of the Rubber Research Institute of Malaya
_c1938
300 _a108-129
942 _cJS
999 _c66761
_d66761